UM Logo

Remedial reading: (Record no. 15997)

MARC details
000 -LEADER
fixed length control field 00608nam a22001697a 4500
008 - FIXED-LENGTH DATA ELEMENTS--GENERAL INFORMATION
fixed length control field 210204b ||||| |||| 00| 0 eng d
020 ## - INTERNATIONAL STANDARD BOOK NUMBER
International Standard Book Number 9710613316
082 ## - DEWEY DECIMAL CLASSIFICATION NUMBER
Edition number 1990
Classification number DFil 372.43
Item number V71
100 ## - MAIN ENTRY--PERSONAL NAME
Personal name Villamin, Araceli M.
9 (RLIN) 42586
245 ## - TITLE STATEMENT
Title Remedial reading:
Remainder of title a handbook for teachers and students/
Statement of responsibility, etc. Araceli M. Villamin and Chita R. Villamin
260 ## - PUBLICATION, DISTRIBUTION, ETC. (IMPRINT)
Place of publication, distribution, etc. Quezon City:
Name of publisher, distributor, etc. Phoenix Pub. House,
Date of publication, distribution, etc. c1990.
300 ## - PHYSICAL DESCRIPTION
Extent iii, 113 pages;
Dimensions 25 cm.
500 ## - GENERAL NOTE
General note Includes bibliographical references.
650 ## - SUBJECT ADDED ENTRY--TOPICAL TERM
Topical term or geographic name as entry element Reading -- Remedial teaching.
9 (RLIN) 42899
700 ## - ADDED ENTRY--PERSONAL NAME
Personal name Villamin, Chita R.
9 (RLIN) 42900
942 ## - ADDED ENTRY ELEMENTS (KOHA)
Source of classification or shelving scheme Dewey Decimal Classification
Koha item type Filipiniana
Holdings
Withdrawn status Lost status Source of classification or shelving scheme Damaged status Not for loan Collection code Home library Current library Date acquired Source of acquisition Total Checkouts Full call number Barcode Date last seen Copy number Price effective from Koha item type
    Dewey Decimal Classification     Filipiniana UM Digos College - LIC UM Digos College - LIC 02/04/2021 Purchased   DFil 372.43 V71 1990 11326 05/15/2025 1 02/04/2021 Filipiniana